00500nam a2200109Ia 4500008004100000020001800041245007900059260002200138650001700160650016800177856004500345171212s9999 xx 000 0 und d a9781921313813 ceditor Lal, Brij V.;Luker, VickiaTelling Pacific LivesbPrisms of Process bANU E Pressc2008 aAnthropology aIslands of the Pacific -- Biography; Islands of the Pacific -- Anecdotes; Islands of the Pacific -- Civilization; Islands of the Pacific -- Social life and customs uwww.jstor.org/stable/10.2307/j.ctt24hbdm